00300nam a2200121Ia 4500008004100000100002100041245001500062260004600077300000900123650002200132942000700154999001700161190216s9999||||xx |||||||||||||| ||und|| aKrishana Varriar 0aBalikkakka b"Nirmala Publications, Cheruvannur"c1992 a109p aMalayalam Kavitha cBK c26830d26830